Online
Catalog

Lucrecia Borgia / (Record no. 34248)

MARC details
000 -CABECERA
campo de control de longitud fija 00719nam a2200205 a 4500
001 - NÚMERO DE CONTROL
campo de control 000034757
005 - FECHA Y HORA DE LA ÚLTIMA TRANSACCIÓN
campo de control 20200930073902.0
008 - DATOS DE LONGITUD FIJA--INFORMACIÓN GENERAL
campo de control de longitud fija 111019s1963 sp 000 0 spa d
040 ## - FUENTE DE LA CATALOGACIÓN
Centro catalogador/agencia de origen DO-SdBNP
Lengua de catalogación spa
Centro/agencia transcriptor BNPHU
082 ## - NÚMERO DE LA CLASIFICACIÓN DECIMAL DEWEY
Número de clasificación 923.245
Número de documento/Ítem S145L
100 1# - ENTRADA PRINCIPAL--NOMBRE DE PERSONA
Nombre de persona Saint-Laurent, Cecil,
Fechas asociadas al nombre 1919-2000
9 (RLIN) 60237
240 10 - TÍTULO UNIFORME
Título uniforme Lucrece Borgia
Lenguaje de la obra español
245 10 - MENCIÓN DE TÍTULO
Título Lucrecia Borgia /
Mención de responsabilidad, etc. Cecil Saint-Laurent ; traducción Angel Cuesta.
260 ## - PUBLICACIÓN, DISTRIBUCIÓN, ETC.
Lugar de publicación, distribución, etc. Barcelona :
Nombre del editor, distribuidor, etc. Ediciones G. P.,
Fecha de publicación, distribución, etc. 1963.
300 ## - DESCRIPCIÓN FÍSICA
Extensión 503 p. ;
Dimensiones 19 cm.
500 ## - NOTA GENERAL
Nota general Traducido del francés
590 ## - NOTA LOCAL (RLIN)
Nota local Perteneció a la biblioteca personal de Juan Isidro Jimenes Grullón.
600 14 - PUNTO DE ACCESO ADICIONAL DE MATERIA--NOMBRE DE PERSONA
Nombre de persona BORGIA, LUCREZIA,
Fechas asociadas al nombre 1480-1519
9 (RLIN) 60238
910 ## - DATOS DE OPCIÓN DEL USUARIO (OCLC)
Datos de opción del usuario Validado. Control de calidad MFF
Holdings
Estado de retiro Estado de pérdida Restricciones de uso No para préstamo Código de colección Localización permanente Ubicación/localización actual Ubicación en estantería Fecha de adquisición Número de inventario Total de préstamos Signatura topográfica completa Código de barras Fecha visto por última vez Precio válido a partir de Tipo de ítem Koha
      Excluido de préstamo Monografías: Libros y Folletos General General Depósito 19.10.2011 LF1   923.245 S145L 34757-10 25.06.2020 25.06.2020 No se presta

Powered by Koha